000 01182cam a2200361 i 4500
001 55890
003 KOSZ 005
005 20221129120315.0
008 090808s2008 pl a f f |001 0 pol
015 _aPB 2009/20110
020 _a9788320434125
040 _aWA N
_cWA N
_dKOSZ 005/HR
080 _a681.5
080 _a(07)
100 1 _aDębowski, Andrzej
_d(1947- )
_eAutor
245 1 0 _aAutomatyka :
_bpodstawy teorii /
_cAndrzej Dębowski.
260 _aWarszawa :
_bWydawnictwa Naukowo-Techniczne,
_c2008.
300 _a222 s. :
_bil. ;
_c24 cm.
336 _2rdacontent
_aTekst
_btxt
337 _2rdamedia
_aBez urządzenia pośredniczącego
_bn
338 _2rdacarrier
_aWolumin
_bnc
380 _aKsiążki
380 _aPublikacje dydaktyczne
385 _mPoziom nauczania
_aSzkoły wyższe
388 _a2001-
504 _aBibliogr. s. 214-215. Indeks.
650 4 _aAutomatyka
655 4 _aPodręcznik
658 _aInżynieria i technika
710 2 _aWydawnictwa Naukowo-Techniczne
_4pbl.
856 _uhttp://koha.tu.koszalin.pl/cgi-bin/koha/opac-detail.pl?biblionumber=55890
_yKatalog online BPK
942 _2UKD
_cKS
999 _c55890
_d55890